000 00701 a2200169 4500
003 Nust
005 20221117142018.0
040 _cNust
082 _a621.31921,CHA
100 _aChakrabarti,A.
_9102912
245 _aNetwork Theory analysis and synthesis
_banalysis and synthesis /
_cAbhijit. Chakrabarti
260 _aNew Delhi
_bDhanpat Rai & Co.
_c2001
300 _aviii,519;p
505 _aNon-sinusoidal waveforms (Page-1), Initial consitions and transient response (Page-42), Laplace transformation and its application (Page-112), Network functions (Page-223), Two port network analysis (Page-275), |Network synthesis (Page-405).
650 _aTelecommunication Engineering
942 _2ddc
_cBK
999 _c215059
_d215059